| 000 | 00000nas 2200000za 4500 |
| 001 | 9.814839 |
| 003 | CaOODSP |
| 005 | 20250403105732 |
| 007 | cr ||||||||||| |
| 008 | 160411d19851991oncar p oss f000#b0fre|d |
| 040 | |aCaOODSP|bfre |
| 041 | |aeng|afre |
| 043 | |an-cn--- |
| 086 | 1 |aCS85-522-PDF |
| 245 | 00|aYouth court statistics, preliminary tables ... |h[ressource électronique] / |cprepared by Canadian Centre for Justice Statistics = Statistiques sur les tribunaux de la jeunesse, tableaux préliminaires ... / Centre canadien de la statistique juridique. |
| 246 | 10|aYouth court statistics, preliminary data |
| 246 | 10|aStatistiques sur les tribunaux de la jeunesse, données préliminaires |
| 246 | 11|aStatistiques sur les tribunaux de la jeunesse, tableaux préliminaires |
| 260 | |a[Ottawa] : |bThe Centre = Le Centre, |c1988-1991. |
| 310 | |aAnnuel |
| 362 | 0 |a1984/85-1990/91. |
| 500 | |aÉdition numérisée de l’imprimé [par Statistique Canada]. |
| 500 | |aNombreux tableaux. |
| 500 | |aRev. version = Version rev. |
| 500 | |aLes livr. de 1986/87- comportent le titre : Youth court statistics, preliminary data = Statistiques sur les tribunaux de la jeunesse, données préliminaires. |
| 546 | |aTexte en anglais et en français. |
| 550 | |aPréparé par le Programme de la justice pour les jeunes, 1988/89- |
| 692 | 07|2gccst|aJeune contrevenant |
| 692 | 07|2gccst|aTribunal |
| 710 | 2 |aCentre canadien de la statistique juridique. |
| 710 | 2 |aCentre canadien de la statistique juridique.|bProgramme de la justice pour les jeunes. |
| 710 | 2 |aStatistique Canada. |
| 780 | 00|tStatistique sur les tribunaux pour les jeunes |w(CaOODSP)9.814833 |
| 785 | 00|tYouth court statistics |w(CaOODSP)9.814843 |
| 791 | |tYouth court statistics, preliminary tables ... |eeng|w(CaOODSP)9.814836 |